Professional Android 2 Application Development / (Record no. 16147)
[ view plain ]
| 000 -LEADER | |
|---|---|
| fixed length control field | 01595cam a22003375a 4500 |
| 001 - CONTROL NUMBER | |
| control field | 16026173 |
| 005 - DATE AND TIME OF LATEST TRANSACTION | |
| control field | 20100727135508.0 |
| 008 - FIXED-LENGTH DATA ELEMENTS--GENERAL INFORMATION | |
| fixed length control field | 091217s2010 inu | 00| 0 eng d |
| 010 ## - LIBRARY OF CONGRESS CONTROL NUMBER | |
| LC control number | 2009943638 |
| 020 ## - INTERNATIONAL STANDARD BOOK NUMBER | |
| International Standard Book Number | 0470565527 (pbk.) |
| 020 ## - INTERNATIONAL STANDARD BOOK NUMBER | |
| International Standard Book Number | 9780470565520 (pbk.) |
| 040 ## - CATALOGING SOURCE | |
| Original cataloging agency | DLC |
| Transcribing agency | DLC |
| 082 ## - DEWEY DECIMAL CLASSIFICATION NUMBER | |
| Edition number | 22 |
| Classification number | 005.1 |
| Item number | MEI |
| 100 1# - MAIN ENTRY--PERSONAL NAME | |
| Personal name | Meier, Reto. |
| 9 (RLIN) | 27547 |
| 245 10 - TITLE STATEMENT | |
| Title | Professional Android 2 Application Development / |
| Statement of responsibility, etc | Reto Meier ; [technical editor] Milan Narendra Ahah. |
| 260 ## - PUBLICATION, DISTRIBUTION, ETC. (IMPRINT) | |
| Place of publication, distribution, etc | Indianapolis, IN : |
| Name of publisher, distributor, etc | Wiley Pub., Inc., |
| Date of publication, distribution, etc | c2010. |
| 263 ## - PROJECTED PUBLICATION DATE | |
| Projected publication date | 1002 |
| 300 ## - PHYSICAL DESCRIPTION | |
| Extent | xxxi, 543p.: |
| Other physical details | ill.; |
| Dimensions | 24 cm. |
| 490 ## - Series Statement | |
| Series statement | Wrox programmer to programmer |
| -- | 27548 |
| 500 ## - GENERAL NOTE | |
| General note | includes index. |
| 650 ## - SUBJECT ADDED ENTRY--TOPICAL TERM | |
| Topical term or geographic name as entry element | Android (Electronic resource) |
| 9 (RLIN) | 27549 |
| 650 ## - SUBJECT ADDED ENTRY--TOPICAL TERM | |
| 9 (RLIN) | 13029 |
| Topical term or geographic name as entry element | Application software -- Development. |
| 653 ## - INDEX TERM--UNCONTROLLED | |
| Resource For college | |
| Arrived date list | October2011 |
| 700 1# - ADDED ENTRY--PERSONAL NAME | |
| Personal name | Ahah, Milan Narendra |
| Relator term | Technical editor |
| 9 (RLIN) | 27550 |
| 942 ## - ADDED ENTRY ELEMENTS (KOHA) | |
| Source of classification or shelving scheme | Dewey Decimal Classification |
| Item type | Book - Borrowing |
| Withdrawn status | Item status | Source of classification or shelving scheme | Damaged status | Not for loan | Vendor | Home library | Current library | Shelving location | Date acquired | Source of acquisition | Cost, normal purchase price | Serial Enumeration / chronology | Total Checkouts | Total Renewals | Full call number | Barcode | Date last seen | Date last borrowed | Koha item type |
|---|---|---|---|---|---|---|---|---|---|---|---|---|---|---|---|---|---|---|---|
| Dewey Decimal Classification | Baccah | Central Library | Central Library | Lower Floor | 18/10/2011 | 180.00 | 13322 | 1 | 2 | 005.1 MEI | 000025432 | 15/07/2025 | 25/10/2011 | NB - Book (Non borrowing) | |||||
| Dewey Decimal Classification | Baccah | Central Library | Central Library | Lower Floor | 18/03/2012 | 1 | 13 | 005.1 MEI | 000026448 | 15/07/2025 | 25/03/2013 | Book - Borrowing | |||||||
| Dewey Decimal Classification | Baccah | Central Library | Central Library | Lower Floor | 18/03/2012 | 2 | 35 | 005.1 MEI | 000026449 | 15/07/2025 | 11/10/2016 | Book - Borrowing | |||||||
| Dewey Decimal Classification | Baccah | Central Library | Central Library | Lower Floor | 18/03/2012 | 2 | 1 | 005.1 MEI | 000026450 | 15/07/2025 | 04/10/2016 | Book - Borrowing |